BEST Harry Potter Quiz Stats

 Plays Quiz not verified by Sporcle

Challenge
Share
Tweet
Embed
Score 0/24 Timer 15:00
0 Plays Today
question answer % Correct
????
100%
????
65%
????
64.4%
????
63.8%
????
34.2%
????
32.5%
????
19.1%
????
18.8%
????
16%
????
15.8%
????
15.8%
????
15.6%
question answer % Correct
????
15.5%
????
15.5%
????
14.1%
????
13.9%
????
13.6%
????
13.6%
????
13.5%
????
13.5%
????
13.5%
????
12.3%
????
12.3%
????
12.3%

You're not logged in!

Compare scores with friends on all Sporcle quizzes.
Join for Free
OR
Log In

You Might Also Like...

Show Comments

Extras

Top Quizzes Today


Score Distribution

Your Account Isn't Verified!

In order to create a playlist on Sporcle, you need to verify the email address you used during registration. Go to your Sporcle Settings to finish the process.

Report this User

Report this user for behavior that violates our Community Guidelines.

Details: